01949nam a2200445 a 4500001001000000003000500010005001700015008004100032010001100073011001100084040000900095090001000104100003900114245015800153260004100311500006000352502009700412502009500509590004100604590004100645590004000686590004000726590004000766590004000806650003300846650002900879650003900908650002800947650005400975650004701029650003201076700004001108856007001148901000701218942001001225942000601235999001901241952011901260952012401379000109083CHAP20220329144036.0140402s2013 mx sm |||||||spa d a105545 a106517 cCHAP aTesis1 aPerez López, José Luis912619510aHuella hidrica verde en algodon (Gossypium hirsutum L) en la Laguna y Sonorah[En línea]cpor José Luis Pérez López y Noel Isauro García Pompa. aBermejillo, Dgo. :bEl autor,c2013. aPara ver el contenido del material haga clic en la liga aTesis (Ing. en Sistemas Agrícolas ) -- UACH. Unidad Regional Universitaria de Zonas Aridas aTesis (Ing. en Sistemas Pecuarios ) -- UACH. Unidad Regional Universitaria de Zonas Aridas aBATCH-UPDb10c20141002lUCH01h0859 aE11695DGDb10c20140408lUCH01h1022 aE5765TAJb05c20140403lUCH01h0908 aE6096MTMb05c20140402lUCH01h1019 aE6096MTMb05c20140402lUCH01h1020 aE6096MTMb05c20140402lUCH01h102414aAgua para irrigación9243014aAgua subterránea9245614aAlgodónxComarca Lagunera.9398914aAlgodónxSonora9406014aDistrito de Desarrollo Rural Cajeme, Son.912619714aDistrito de Riego Comarca Lagunera.93286214aRiego de superficie.9973721 aGarcía Pompa, Noel Isauro9126196 aFinding aiduhttp://10.13.5.2/tesis/sist109083.pdfzTeclea aquí aBK cTESIS n0 c105545d105545 00102local40718TESISaBCbBCd2014-04-02fTESISl0oTesisp33724002395280r2019-12-31 00:00:00w2014-04-02yCD 00102local40718TESISaBCbBCd2014-04-03fTESISl0oTesisp33724002395322r2019-12-31 00:00:00tc.2w2014-04-03yCD